000 01139nam a2200253Ia 4500
999 _c52983
_d52983
001 20014
003 GE_BSU
005 20200529225434.0
008 181216s1986||||ge |||||||||||||| ||geo||
040 _cGE_BSU
041 _ageo
080 _a811.353'36 ჭ-83
100 _aჭუმბურიძე, ზურაბ
_98055
245 _aმყოფადი ქართველურ ენებში /
_cზურაბ ჭუმბურიძე ; გამომც./რედ. ი.ჩიქვინიძე.
264 _aთბილისი :
_bთბილ. უნ-ტის გამ-ბა,
_c1986.
300 _a264 გვ. ;
_c22 სმ
541 _h5ლ.20თ.
546 _aრეზიუმე რუსულ ენაზე
546 _aრეზიუმე გერმანულ ენაზე
653 _aზმნა ქართველურ ენებში
653 _aმყოფადი ქართველურ ენებში
700 _aჩიქვინიძე, ი.
_eგამომცემელ რედაქტორი
_98262
942 _cBK
_2udc